Ermeni tehciri ve gerçekler (Record no. 2236)

MARC details
000 -BAŞLIK
Sabit Uzunlukta Kontrol Alanı 00864na a2200289 4500
001 - KONTROL NUMARASI
Denetim Alanı 14412
003 - KONTROL NUMARASI IDENTIFIER
Denetim Alanı MIRAKIL
005 - SON İŞLEM TARİHİ VE ZAMANI
Denetim Alanı 20181213154850.0
008 - SABİT-BOY VERİ ELEMANLARI - GENEL BİLGİLER
Sabit Uzunlukta Kontrol Alanı 161110b tu 000 0
020 ## - ULUSLARARASI STANDART KİTAP NUMARASI
Uluslararası Standart Kitap Numarası 9751614317
035 ## - SİSTEM KONTROL NUMARASI
Sistem Kontrol Numarası 14412
040 ## - KATALOGLAMA KAYNAK
Orijinal Kataloglama Ajansı Milas
Kataloglama Dili tur
Metne Dönüştürmek Ajansı TR-AnCHP
041 ## - DİL KODU
Metin / Ses Parça Veya Ayrı Başlığın Dil Kodu tur
082 ## - DEWEY ONLU SINIFLANDIRMA NUMARASI
Sınıflandırma Numarası 323.11919920561
Ürün Numarası H24e 2001
090 ## - SINIFLAMA NUMARASI
Sınıflama Numarası 323.11919920561 H24e 2001
100 ## - ANA GİRİŞ - KİŞİSEL İSİM
Kişisel Ad Halaçoğlu, Yusuf
245 ## - BAŞLIK TABLOSU
Başlık Ermeni tehciri ve gerçekler
Başlığın Kalan (1914- 1918)
Sorumluluk Tablosu, Vb Yusuf Halaçoğlu
260 ## - YAYIN, DAĞITIM, VB
Yayın, Dağıtım, Vb Yeri Ankara
Yayıncı, Dağıtıcı, Vs Adı Türk Tarih Kurumu Basımevi
Yayın, Dağıtım, Vb Tarihi 2001
300 ## - FİZİKSEL TANIM
Kapsam x, 106, XXXII s.
Boyutlar 24 sm.
490 ## - SERİSİ TABLOSU
Seri Beyanı Türk Tarih Kurumu ayınları
Hacim / Ardışık Tanımı XVI. Dizi -sa.90
504 ## - KAYNAKÇA VB NOT
Kaynakça Vb Notu Kaynakça ve dizin var.
650 ## - KONU KATMA GİRİŞ - TOPİKAL DÖNEM
Topikal Süreli Veya Coğrafi Ad Giriş Elemanı Soykırım iddiaları
650 ## - KONU KATMA GİRİŞ - TOPİKAL DÖNEM
Topikal Süreli Veya Coğrafi Ad Giriş Elemanı Ermeniler
Genel Alt Bölümü Tarih
Coğrafi Alt Bölümü Türkiye
650 ## - KONU KATMA GİRİŞ - TOPİKAL DÖNEM
Topikal Süreli Veya Coğrafi Ad Giriş Elemanı Ermeni soykırımı
650 ## - KONU KATMA GİRİŞ - TOPİKAL DÖNEM
Topikal Süreli Veya Coğrafi Ad Giriş Elemanı Ermeni sorunu
Coğrafi Alt Bölümü Türkiye
942 ## - EKLENDİ GİRİŞ ELEMANLARI (KOHA)
Sınıflandırma Veya Raf Düzeni Kaynak Dewey Decimal Classification
Koha Öğesi Türü Books
999 ## - SİSTEM KONTROL NUMARALARI (KOHA)
Koha Biblionumber 2236
Koha Biblioitemnumber 2236
Holdings
Kalıcı Konum Mevcut Konum Edinme Tarihi Edinim Kaynak Toplam Check-Out'Lar Tam Çağrı Numarası Barkod Tarih Son Görülme İtibaren Geçerli Fiyatlar Koha Öğesi Türü Kopya Sayısı
CHP Kütüphanesi CHP Kütüphanesi 08/27/2016 Bağış   323.11919920561 H24e 2001 002306 08/27/2016 08/27/2016 Books  
CHP Kütüphanesi CHP Kütüphanesi 01/09/2019 Bağış   323.11919920561 H24e 2001 018721 01/09/2019 01/09/2019 Books k.2